书目信息 |
| 题名: |
哈佛教子枕边书
|
|
| 作者: | 斯托, 著 ;亚北 , 蓝黛 译 | |
| 分册: | ||
| 出版信息: | 北京 中国妇女出版社 2004.09 |
|
| 页数: | 296页 | |
| 开本: | 23cm | |
| 丛书名: | 成长书坊 | |
| 单 册: | ||
| 中图分类: | G78 | |
| 科图分类: | ||
| 主题词: | 家庭教育--方法 | |
| 电子资源: | ||
| ISBN: | 7-80131-880-3 | |
| 000 | 00970nam 2200277 450 | |
| 001 | 0145454548 | |
| 005 | 20050831034836.07 | |
| 010 | @a7-80131-880-3@dCNY39.80 | |
| 100 | @a20030513d2004 ekmy0chiy0121 ea | |
| 101 | 1 | @achi@ceng |
| 102 | @aCN@b110000 | |
| 105 | @aa z 000yy | |
| 200 | 1 | @a哈佛教子枕边书@AHa Fo Jiao Zi Zhen Bian Shu@d= Harvard Book Parenting@f(美) 斯托夫人著@F(Mei) Si Tuo Fu Ren Zhu@g亚北, 蓝黛译@Gya bei,lan dai yi@zeng |
| 210 | @a北京@c中国妇女出版社@d2004.09 | |
| 215 | @a296页@c图@d23cm | |
| 225 | 2 | @a成长书坊@h第一辑 |
| 330 | @a本书荟萃了迄今为止欧洲最具成果的育儿智慧,内容包括:早期教育的伟大成果,卡尔·威特的潜能教育,塞德尔兹的自由教育等。 | |
| 410 | 0 | @12001 @a成长书坊 |
| 510 | 1 | @aHarvard book parenting@zeng |
| 606 | 0 | @a家庭教育@x方法 |
| 690 | @aG78@v4 | |
| 701 | 1 | @a斯托,@Asi tuo,@b夫人@4著 |
| 702 | 0 | @a亚北@Aya bei@4译 |
| 702 | 0 | @a蓝黛@Alan dai@4译 |
| 801 | 0 | @aCN@bQSSK@c20050831 |
| 905 | @a10447@dG78@eS709 | |
| 哈佛教子枕边书= Harvard Book Parenting/(美) 斯托夫人著/亚北, 蓝黛译.-北京:中国妇女出版社,2004.09 |
| 296页:图;23cm.-(成长书坊.第一辑) |
| ISBN 7-80131-880-3:CNY39.80 |
| 本书荟萃了迄今为止欧洲最具成果的育儿智慧,内容包括:早期教育的伟大成果,卡尔·威特的潜能教育,塞德尔兹的自由教育等。 |
| ● |
| 相关链接 |
|
|
|
正题名:哈佛教子枕边书
索取号:G78/S709
 
预约/预借
| 序号 | 登录号 | 条形码 | 馆藏地/架位号 | 状态 | 备注 |
| 1 | 565533 | 205655334 | 社科库409/409社科库 17排3列3层/ [索取号:G78/S709] | 在馆 | |
| 2 | 565534 | 205655343 | 社科库409/409社科库 17排3列3层/ [索取号:G78/S709] | 在馆 | |
| 3 | 565535 | 205655352 | 社科库409/ [索取号:G78/S709] | 在馆 |